000 00359nam a2200133Ia 4500
008 240624s9999 xx 000 0 und d
041 _aeng
082 _a320.6 SCH
100 _aSCHELLING THOMAS C
245 _aSTRATEGIES OF COMMITMENT AND OTHER ESSAY
260 _c2006
_aLondon
_bHarvard University Press
300 _axi, : 341p. : cm. ; 24
365 _c
_b25
999 _c4774
_d4774